000 00674nam a22001937a 4500
999 _c19878
_d19878
003 AR-CdUCM
008 190523b ||||| |||| 00| 0 spa d
040 _aMUNICIPALIDAD PROVINCIAL DEL CUSCO
_cBIBLIOTECA MUNICIPAL DEL CUSCO
082 _a625.7 /
_bM12
100 _aMcCOY, G. T. :
_941556
245 _aManual de equipo /
260 _aMéxico :
_bCvltvra,
_c1964.
300 _a345 Páginas ;
_c24 cm.
505 _aContenido: Organización y detalles generales -- leyes -- Presupuesto -- Seguridad -- Pedidos y compras...
650 _aManual de organización
_941557
650 _aManual de reglamentos
_941558
942 _2ddc
_cLIBROS
945 _aAndy
_d2019-05-23